| 000 | 01169nam a2200229Ia 4500 | ||
|---|---|---|---|
| 003 | OSt | ||
| 005 | 20210924100718.0 | ||
| 008 | 210310s1990 ck fr 000 0 spa d | ||
| 040 |
_aCO-JMCR _cCO-JMCR |
||
| 041 | 0 | _aspa | |
| 082 | 0 | 4 |
_a362.5 / _bC718l _223 |
| 110 | 1 |
_aColombia. _bPresidencia de la República _92972 |
|
| 245 | 1 | 3 |
_aLa lucha contra la pobreza 1986-1990 : _binforme final / _cPresidencia de la República, José Granada Rodríguez |
| 260 |
_aBogotá : _bConsejería para Desarrollo Social, _c1990 |
||
| 300 |
_a217 páginas ; _c21 cm. |
||
| 500 | _aIncluye notas a pie de página. | ||
| 505 | 0 | _aLa lucha contra la pobreza -- Organización comunitaria y participación ciudadana -- Estrategia financiera -- Municipalización de la lucha contra la pobreza -- Salud básica para todos -- Educación básica para todos -- Bienestar y seguridad social de la familia -- Suministro de bienes básicos -- Asentamientos humanos -- Empleo y seguridad social | |
| 650 | 1 | 4 |
_aPobreza _917624 _vProgramas _y1986-1990 _zColombia |
| 651 | 4 |
_aColombia _xCondiciones sociales _y1986-1990 _940790 |
|
| 700 | 1 |
_aGranada Rodríguez, José, _eautor _940791 |
|
| 942 |
_2ddc _cBK |
||
| 999 |
_c8558 _d8558 |
||